Nazioni Vincitrici WTA Finals - Singolare - Statistics

Statistiche generali
  • Questo quiz è stato fatto 4 volte
  • Il punteggio medio è 10 su 15
Statistiche sulle risposte
Continente Numero giocatrici Nazione % Corretto
America del Sud 1 Argentina
100%
Oceania 3 Australia
100%
Europa 2 Francia
100%
Europa 2 Germania Ovest / Germania
100%
Asia / Russia 1 Russia
100%
Europa 1 Spagna
100%
America del Nord 6 Stati Uniti
100%
Europa 2 Belgio
50%
Europa 3 Cecoslovacchia / Repubblica Ceca
50%
Europa 1 Danimarca
50%
Europa 1 Polonia
50%
Europa 1 Jugoslavia
25%
Europa 1 Slovacchia
25%
Europa 1 Svizzera
25%
Europa 1 Ucraina
25%
Nessun quiz corrispondente trovato
Distribuzione punteggi
Percentuale di utenti per punteggio
Percentile per numero di risposta
I tuoi punteggi nel tempo
Non hai fatto questo quiz